000
00218 a2200097 4500
001
11226
100
_a
S.Irtza. Hussain
245
_a
Afghanistan Some Aspects
260
_a
_b
Matbooat-e-Hurmed
_c
090
_c
8778
_d
8778
942
_a
NUST-CAE
_c
M
_c
35575
999
_c
246299
_d
246299